| 000 | 00408nam a2200109Ia 4500 | ||
|---|---|---|---|
| 008 | 171204s9999 xx 000 0 und d | ||
| 245 | _aGlobal Nollywood: The Transnational Dimensions Of An African Video Film Industry: | ||
| 245 | _cMatthias Krings and Onookome Okome | ||
| 260 | _c2013 | ||
| 650 | _xVIDEO PRODUCTION AND DIRECTION | ||
| 856 | _uhttp://down.ebook777.com/001/GloNolTheTraDimOfAnAfrVidFilInd.pdf | ||
| 999 |
_c346197 _d346197 |
||